| 000 | 00933cab a22002415a 4500 | ||
|---|---|---|---|
| 001 | L160045 | ||
| 008 | 150113e2015 xxk 000 0 eng d | ||
| 035 | _a(Sirsi) u160045 | ||
| 041 | 0 | _aeng | |
| 050 | _a346.410434 | ||
| 100 | 1 | _aSpaven, Paul | |
| 245 | 0 | 2 |
_aA time of change _h[electronic resource] |
| 260 |
_aLondon _bRICS _c2015 |
||
| 490 |
_aRICS Building Surveying Journal _vDecember 2015 - January 2016, 6(1) |
||
| 520 | _aPicks the highlights of the RICS Dilapidations Forum Conference | ||
| 650 | 2 | 4 | _aARNOLD V BRITTON |
| 650 | 2 | 4 | _aCONFERENCE |
| 651 | 4 |
_aUnited Kingdom _y |
|
| 690 |
_aDilapidations _96235 |
||
| 856 | 4 | 0 |
_uhttps://www.rics.org/Global/Building_Surveying_Journal_December_2015_January_2016.pdf _zView the article free of charge at www.rics.org... |
| 856 | 4 | 0 |
_uhttps://www.rics.org/Global/Building_Surveying_Journal_December_2015_January_2016.pdf _yAvailable free online via Issuu |
| 942 |
_n0 _2ddc |
||
| 999 |
_c85160 _d85160 |
||